| 000 | 00598nam a2200157 a 4500 | ||
|---|---|---|---|
| 008 | 120416s1984 ||||||||||||||||| || u | ||
| 050 | _aHC 800 Tow | ||
| 245 | 1 | 0 | _aToward sustained development in Sub-Saharan Africa |
| 246 | _aa joint program of action | ||
| 260 |
_aWashington, D.C _bWorld Bank _c1984 |
||
| 300 | _aix, 102p. : ill | ||
| 350 | _a0.00 | ||
| 650 | _aSUSTAINABLE DEVELOPMENT(ECONOMIC POLICY)--AFRICA | ||
| 650 | 0 | _aECONOMICS | |
| 995 |
_D0.00 _FCBU-MAIN LIBRARY (Kitwe) _H1 _I0.00 _M1 _UAVAILABLE _ZAnnex Low-Usage Collection |
||
| 999 |
_c60038 _d60038 |
||